| 000 | 00880nam a22002293a 4500 | ||
|---|---|---|---|
| 005 | 20240509064206.0 | ||
| 008 | 011106s1996 mx r 000 0 spa d | ||
| 020 | _a9682994578 | ||
| 035 | _aUPN01000113774 | ||
| 049 | _aLTG | ||
| 050 | 4 |
_aLB2003 A1.46 _bE5.4 LL |
|
| 245 | 0 | 3 |
_aLa enseñanza de la física en la escuela secundaria : _blecturas / _ccoord. José Antonio Chamizo Guerrero. |
| 260 |
_aMéxico : _bSEP, Comisión Nacional de los Libros de Texto Gratuitos, _cc1996. |
||
| 300 |
_a303 p. : _bil. |
||
| 440 | 0 | _aPrograma Nacional de Actualización Permanente | |
| 500 | _a"Primer nivel" | ||
| 650 | 4 |
_aMaestros en servicio, Formación de _9390 |
|
| 650 | 4 |
_aFísica _xEstudio y enseñanza (Secundaria) _98873 |
|
| 700 | 1 |
_aChamizo Guerrero, José Antonio, _ecoord. _931323 |
|
| 710 | 1 |
_aMéxico. _bSubsecretaría de Educación Básica y Normal _927954 |
|
| 905 | _aLibro | ||
| 999 |
_c87682 _d87682 |
||